[Event "Burjassot U2200 op 3rd"]
[Site "Burjassot"]
[Date "2015.10.23"]
[Round "6.26"]
[White "Bellon Solsona, Nicolas"]
[Black "Sanchis, Fernand"]
[Result "1/2-1/2"]
[WhiteElo "1122"]
[BlackElo "1538"]
[PlyCount "61"]
[EventDate "2015.09.11"]
[EventType "swiss"]
[EventRounds "7"]
[EventCountry "ESP"]
[SourceTitle "EXT 2024"]
[Source "ChessBase"]
[SourceDate "2023.10.10"]
[SourceVersion "1"]
[SourceVersionDate "2023.10.10"]
[SourceQuality "1"]

1. d4 d5 2. Nf3 e6 3. e3 Nf6 4. Bd3 Be7 5. Nbd2 0-0 6. 0-0 Nbd7 7. b3 b6 8. Bb2 Bb7 9. Ne5 Ne4 10. f4 f6 11. Nxd7 Qxd7 12. Nxe4 dxe4 13. Be2 Rad8 14. c4 Qc8 15. Qc2 c5 16. Rfd1 Qc7 17. g3 Rd7 18. Rd2 a5 19. a4 Rfd8 20. Rad1 Bd6 21. Ba1 cxd4 22. Bxd4 Bb4 23. Bc3 Bc5 24. Bd4 Bxd4 25. Rxd4 Rxd4 26. Rxd4 Rxd4 27. exd4 Qc6 28. Bf1 Qd6 29. Qc3 f5 30. Qe3 Qd8 31. Be2 1/2-1/2

[Event "Sueca op 1st"]
[Site "Sueca"]
[Date "2015.07.29"]
[Round "3"]
[White "Gerona Maura, Jesus"]
[Black "Sanchis, Fernand"]
[Result "1-0"]
[WhiteElo "1931"]
[BlackElo "1525"]
[PlyCount "89"]
[EventDate "2015.07.27"]
[EventType "swiss"]
[EventRounds "8"]
[EventCountry "ESP"]
[SourceTitle "EXT 2016"]
[Source "ChessBase"]
[SourceDate "2015.10.08"]
[SourceVersion "1"]
[SourceVersionDate "2015.10.08"]
[SourceQuality "1"]

1. e4 e5 2. Nf3 Nc6 3. d4 exd4 4. Bc4 Bc5 5. c3 d6 6. cxd4 Bb4+ 7. Nc3 Bg4 8. Qb3 Bh5 9. d5 Bxc3+ 10. Qxc3 Nce7 11. Qxg7 Ng6 12. Ng5 Qf6 13. Bb5+ Ke7 14. Qxf6+ Nxf6 15. f3 Nf8 16. Bd2 h6 17. Nh3 a6 18. Bd3 Bg6 19. Nf4 N6d7 20. 0-0 Ne5 21. Be2 Rc8 22. Rac1 c5 23. dxc6 Nxc6 24. Nd5+ Kd8 25. Bc3 Rg8 26. Nf6 Rh8 27. Rfd1 Rc7 28. Nd5 Rg8 29. Bf6+ Kc8 30. Nxc7 Kxc7 31. Be7 Ne6 32. Bxd6+ Kc8 33. Bxa6 Ned8 34. Be7 Kb8 35. Bxd8 Nxd8 36. Bb5 Rf8 37. Bd7 Ne6 38. Bxe6 fxe6 39. Rd7 Ka7 40. Rcc7 Rb8 41. Rg7 Be8 42. Rg8 Bc6 43. Rxb8 Kxb8 44. Rxc6 bxc6 45. Kf2 1-0

[Event "Sueca op 1st"]
[Site "Sueca"]
[Date "2015.07.28"]
[Round "2"]
[White "Sanchis, Fernand"]
[Black "Carmona Huertas, Juan Antonio"]
[Result "1-0"]
[WhiteElo "1525"]
[BlackElo "1801"]
[PlyCount "105"]
[EventDate "2015.07.27"]
[EventType "swiss"]
[EventRounds "8"]
[EventCountry "ESP"]
[SourceTitle "EXT 2016"]
[Source "ChessBase"]
[SourceDate "2015.10.08"]
[SourceVersion "1"]
[SourceVersionDate "2015.10.08"]
[SourceQuality "1"]

1. e4 c5 2. Nf3 e6 3. d4 cxd4 4. Nxd4 a6 5. Nc3 Qc7 6. Be2 Nf6 7. 0-0 b5 8. a3 Bb7 9. Bf3 e5 10. Nde2 d6 11. Ng3 h6 12. Re1 Nc6 13. Be3 Na5 14. Nd5 Nxd5 15. exd5 Nc4 16. Bc1 g6 17. b3 Nb6 18. Be3 Bg7 19. Rb1 f5 20. Nf1 0-0 21. Bxb6 Qxb6 22. c4 Rfc8 23. Qd2 Kh7 24. g3 a5 25. a4 b4 26. Qe2 Re8 27. Bg2 Re7 28. Nd2 Rae8 29. Rf1 e4 30. Rbd1 Bd4 31. Kh1 Bc5 32. Bh3 e3 33. Nf3 exf2 34. Qc2 Re2 35. Qb1 R8e3 36. Bg2 Re7 37. Bh3 Bc8 38. Kg2 Qd8 39. Kh1 f4 40. Bxc8 Qxc8 41. Kg2 Qg4 42. Rd2 fxg3 43. h3 Qf4 44. Rxe2 Rxe2 45. Qd1 Re3 46. h4 Rxb3 47. Qxb3 g5 48. Qd3+ Kg7 49. hxg5 hxg5 50. Rh1 Kf7 51. Qh7+ Ke8 52. Qg6+ Qf7 53. Rh8+ 1-0

[Event "Valencia Torrefiel U2200 op"]
[Site "Valencia"]
[Date "2015.06.27"]
[Round "2.6"]
[White "Gonzalvez Tamarit, Ivan"]
[Black "Sanchis, Fernand"]
[Result "1-0"]
[WhiteElo "1787"]
[BlackElo "1525"]
[PlyCount "50"]
[EventDate "2015.06.26"]
[EventType "swiss"]
[EventRounds "6"]
[EventCountry "ESP"]
[SourceTitle "EXT 2024"]
[Source "ChessBase"]
[SourceDate "2023.10.10"]
[SourceVersion "1"]
[SourceVersionDate "2023.10.10"]
[SourceQuality "1"]

1. d4 d5 2. c4 e6 3. Nc3 Nf6 4. Nf3 Be7 5. Bf4 Nbd7 6. Nb5 e5 7. Nxe5 Nh5 8. e3 Nxf4 9. exf4 Nf6 10. c5 c6 11. Nc3 0-0 12. Bd3 Re8 13. 0-0 g6 14. Qf3 Kg7 15. f5 g5 16. Qg3 h6 17. h4 Nh7 18. f4 Rg8 19. f6+ Bxf6 20. fxg5 hxg5 21. hxg5 Nxg5 22. Qxg5+ Kf8 23. Qxf6 Qxf6 24. Rxf6 Be6 25. Raf1 Rg7 1-0

[Event "Elancourt op 10th"]
[Site "Elancourt"]
[Date "2007.04.19"]
[Round "7"]
[White "Marquet, Didier"]
[Black "Sanchis, Fernand"]
[Result "0-1"]
[WhiteElo "1554"]
[BlackElo "1588"]
[PlyCount "122"]
[EventDate "2007.04.14"]
[EventType "swiss"]
[EventRounds "9"]
[EventCountry "FRA"]
[SourceTitle "CBM 118 Extra"]
[Source "ChessBase"]
[SourceDate "2007.07.04"]
[SourceVersion "1"]
[SourceVersionDate "2007.07.04"]
[SourceQuality "1"]

1. e4 e5 2. Nf3 Nc6 3. c3 Bc5 4. d3 Nf6 5. h3 h6 6. Be2 d6 7. a3 a6 8. b4 Ba7 9. Bb2 Bd7 10. Nbd2 0-0 11. a4 Ne7 12. d4 exd4 13. cxd4 Ng6 14. e5 dxe5 15. dxe5 Nd5 16. b5 a5 17. Nc4 c6 18. Nd6 Rb8 19. Bc4 Be6 20. 0-0 Ndf4 21. Bxe6 Nxe6 22. Ba3 c5 23. Rb1 b6 24. g3 Qc7 25. Bb2 Rbd8 26. Qc2 Bb8 27. Rbd1 Qe7 28. Qe4 Bxd6 29. exd6 Rxd6 30. Rxd6 Qxd6 31. Be5 Qd7 32. Kg2 Ne7 33. g4 f6 34. Bg3 Rf7 35. Qe2 Ng6 36. Kh2 Ngf4 37. Bxf4 Nxf4 38. Qd2 Qc7 39. Rd1 Nd5+ 40. Kg1 Nf4 41. Qd8+ Kh7 42. Qxc7 Rxc7 43. h4 c4 44. Rd6 c3 45. Rc6 Rb7 46. Nd4 Nd5 47. Nc2 Rc7 48. Kf1 Kg8 49. f4 Kf7 50. Kf2 Ke7 51. Rxc7+ Nxc7 52. Ke3 Kd6 53. f5 Nd5+ 54. Kd3 Kc5 55. g5 Nb4+ 56. Kxc3 Nxc2 57. Kxc2 hxg5 58. hxg5 fxg5 59. Kc3 Kd5 60. Kb3 g4 61. Kc3 g3 0-1

[Event "Elancourt op 10th"]
[Site "Elancourt"]
[Date "2007.04.17"]
[Round "5"]
[White "Habunek, Patrick"]
[Black "Sanchis, Fernand"]
[Result "1-0"]
[WhiteElo "1648"]
[BlackElo "1588"]
[PlyCount "77"]
[EventDate "2007.04.14"]
[EventType "swiss"]
[EventRounds "9"]
[EventCountry "FRA"]
[SourceTitle "CBM 118 Extra"]
[Source "ChessBase"]
[SourceDate "2007.07.04"]
[SourceVersion "1"]
[SourceVersionDate "2007.07.04"]
[SourceQuality "1"]

1. e4 e5 2. Nf3 Nc6 3. d4 exd4 4. Nxd4 Bc5 5. Be3 Nxd4 6. Bxd4 Bxd4 7. Qxd4 Nf6 8. Nc3 0-0 9. Bc4 c6 10. 0-0-0 Qe7 11. Qd6 Qd8 12. f3 Qa5 13. Qf4 b5 14. Bb3 Bb7 15. Qg5 Rad8 16. h4 Qc7 17. h5 h6 18. Qc5 Qb8 19. Qd6 Qc8 20. g4 Ne8 21. Qf4 Nc7 22. Rhg1 Ne6 23. Qf5 Qc7 24. g5 Nxg5 25. f4 Ne6 26. e5 Qb6 27. Qg4 Qe3+ 28. Kb1 Qxf4 29. Bxe6 Qxg4 30. Bxg4 f5 31. exf6 Rxf6 32. Rxd7 Rxd7 33. Bxd7 a6 34. Ne4 Rf4 35. Nc5 Rd4 36. Be6+ Kf8 37. Nxb7 Ke7 38. c3 Rh4 39. Bg4 1-0

[Event "Champigny sur Marne op"]
[Site "Champigny sur Marne"]
[Date "2005.03.??"]
[Round "6"]
[White "Sanchis, Fernand"]
[Black "Vaast, Jean Philippe"]
[Result "1/2-1/2"]
[WhiteElo "1590"]
[BlackElo "1480"]
[PlyCount "58"]
[EventDate "2005.03.??"]
[EventType "swiss"]
[EventRounds "7"]
[EventCountry "FRA"]
[SourceTitle "EXT 2007"]
[Source "ChessBase"]
[SourceDate "2006.11.23"]
[SourceVersion "1"]
[SourceVersionDate "2006.11.23"]
[SourceQuality "1"]

1. e4 e6 2. d4 d5 3. e5 c5 4. c3 Qb6 5. Nf3 Nc6 6. Be2 Nge7 7. dxc5 Qxc5 8. Be3 Qa5 9. 0-0 Ng6 10. Bd4 Qc7 11. Bb5 Bd7 12. Bxc6 bxc6 13. b4 Be7 14. Re1 0-0 15. Nbd2 c5 16. bxc5 Bxc5 17. Bxc5 Qxc5 18. Qc1 Nf4 19. Re3 Bb5 20. Nd4 Ba6 21. N2b3 Qc7 22. Qd2 Ng6 23. Rc1 Bc4 24. g3 a5 25. a4 Rfb8 26. Qc2 Ne7 27. Rb1 g6 28. f4 Nf5 29. Nxf5 gxf5 1/2-1/2

[Event "Champigny sur Marne op"]
[Site "Champigny sur Marne"]
[Date "2005.03.??"]
[Round "5"]
[White "Sanchis, Fernand"]
[Black "Zurano, Alberto"]
[Result "0-1"]
[WhiteElo "1590"]
[BlackElo "1850"]
[PlyCount "102"]
[EventDate "2005.03.??"]
[EventType "swiss"]
[EventRounds "7"]
[EventCountry "FRA"]
[SourceTitle "EXT 2007"]
[Source "ChessBase"]
[SourceDate "2006.11.23"]
[SourceVersion "1"]
[SourceVersionDate "2006.11.23"]
[SourceQuality "1"]

1. e4 c5 2. Nf3 d6 3. d4 cxd4 4. Nxd4 Nf6 5. Nc3 a6 6. h3 Nc6 7. Be3 e6 8. a3 Be7 9. Nf3 Qc7 10. Bd3 b5 11. Nd4 Bb7 12. Nxc6 Bxc6 13. 0-0 Qb7 14. f3 0-0 15. Bg5 h6 16. Bxf6 Bxf6 17. Qe1 Bd4+ 18. Kh1 Rac8 19. Rb1 Qc7 20. Ne2 Bf6 21. Qf2 e5 22. Rg1 d5 23. Nc3 d4 24. Ne2 Bd7 25. g4 Bg5 26. Qf1 Be3 27. Rg2 Be6 28. b3 g6 29. h4 Qe7 30. Rh2 Qxa3 31. Ra1 Qd6 32. Qe1 Rc6 33. h5 g5 34. Rg2 Rfc8 35. Ng3 Bf4 36. Nf5 Qf8 37. Rb1 Kh7 38. Ra1 Bxb3 39. Qb1 Ba4 40. Ra2 Rc3 41. Qb2 Qc5 42. Qb1 Rc7 43. Qb2 a5 44. Qb1 Ra3 45. Rxa3 Qxa3 46. Rg1 Qc3 47. Rg2 b4 48. Qa2 Qc6 49. Re2 Bb5 50. Bxb5 Qxb5 51. Rg2 Qf1+ 0-1